000 00625nam a2200193Ia 4500
005 20260114185635.0
008 008 260114s9999 xx 000 0 eng d
020 _a9781474296151
037 _aEBOOK
040 _aCRL
_beng
_cCRL
041 _aeng
_2eng
084 _qCRL
100 _aKostis Kornetis, Eirini Kotsovili and Nikolaos Papadogiannis
_9872561
245 0 _aConsumption and Gender in Southern Europe since the Long 1960s
260 _bBloomsbury
_c2016
856 _uhttps://doi.org/10.5040/9781474296151?locatt=label:secondary_bloomsburyCollections
942 _cEBOOK
999 _c1471509
_d1471509